| 000 | 00792cam a2200253 a 4500 | ||
|---|---|---|---|
| 008 | 961127s1997 caua b 001 0 eng | ||
| 020 | _a1575860775 (hardback : alk. paper) | ||
| 040 |
_aDLC _cDLC _dDLC |
||
| 041 | 0 | _aengnic | |
| 050 | 0 | 0 |
_aPL8118.D351 _bB63 1997 |
| 092 | 0 | 4 |
_a496.35 _bB6685 _221 |
| 099 |
_a04 _a496.35 B6685 |
||
| 100 | 1 | _aBodomo, Adams. | |
| 245 | 1 | 4 |
_aThe structure of Dagaare / _cAdams Bodomo. |
| 260 |
_aStanford, Calif. : _bCSLI Publications, _cc1997. |
||
| 300 |
_aviii, 159 p. : _bill. ; _c24 cm. |
||
| 440 | 0 | _aStanford monographs in African languages | |
| 504 | _aIncludes bibliographical references (p. [150]-153) and index. | ||
| 650 | 0 |
_aDagaare language _xGrammar. |
|
| 902 | _a1 | ||
| 905 |
_aEman _eRev |
||
| 905 |
_aJamal _eCat. |
||
| 942 |
_2ddc _cBK |
||
| 999 |
_c105357 _d105357 |
||